Historia de las sociedades secretas (Record no. 196403)

MARC details
000 -LEADER
campo de control de longitud fija 01473cam a22003734 4500
001 - NÚMERO DE CONTROL
campo de control 196403
005 - FECHA Y HORA DE LA ÚLTIMA TRANSACCIÓN
campo de control 20250824063100.0
008 - DATOS DE LONGITUD FIJA--INFORMACIÓN GENERAL
campo de control de longitud fija 240926s2010 sp | |||| 000 0 spa
015 ## - NÚMERO DE BIBLIOGRAFÍA NACIONAL
Número de bibliografía nacional MON10
017 ## - NÚMERO DE COPYRIGHT O DE DEPÓSITO LEGAL
Número de copyright o de depósito legal B 4933-2010
Agencia que asigna Oficina Depósito Legal Barcelona
020 ## - NÚMERO INTERNACIONAL ESTÁNDAR DEL LIBRO
Número Internacional Estándar del Libro 9788496595286
035 ## - NÚMERO DE CONTROL DEL SISTEMA
Número de control de sistema (OCoLC)868875885
035 ## - NÚMERO DE CONTROL DEL SISTEMA
Número de control de sistema (SpMaBN)a4735048
040 ## - FUENTE DE CATALOGACIÓN
Centro catalogador/agencia de origen SpMaBN
Lengua de catalogación spa
Centro/agencia transcriptor SpMaBN
Normas de descripción rdc
080 ## - NÚMERO DE LA CLASIFICACIÓN DECIMAL UNIVERSAL
Número de la Clasificación Decimal Universal 061.236(091)
100 ## - ENTRADA PRINCIPAL--NOMBRE DE PERSONA
Nombre de persona Calle, Ramiro A.,
Fechas asociadas al nombre 1943-
9 (RLIN) 238898
240 10 - TÍTULO UNIFORME
Título uniforme Historia de las sociedades secretas
245 10 - MENCIÓN DEL TÍTULO
Título Historia de las sociedades secretas
Medio [Texto impreso]
Mención de responsabilidad, etc. Ramiro Calle
246 0# - FORMA VARIANTE DEL TITULO
Texto de visualización Subtitulo de la cubierta
Título propio/Titulo breve El enigmático origen de templarios, masones, rosacruces y otras sectas ocultas
260 ## - PUBLICACIÓN, DISTRIBUCIÓN, ETC.
Lugar de publicación, distribución, etc. [Málaga]
Nombre del editor, distribuidor, etc. Hojas de Luz
Fecha de publicación, distribución, etc. D.L. 2010
300 ## - DESCRIPCIÓN FÍSICA
Extensión 394 p.
Dimensiones 21 cm
336 ## - TIPO DE CONTENIDO
Fuente rdacontent
Término de tipo de contenido texto
337 ## - TIPO DE MEDIO
Fuente rdamedia
Nombre/término del tipo de medio sin mediación
338 ## - TIPO DE SOPORTE
Fuente rdacarrier
Nombre/término del tipo de soporte volumen
500 ## - NOTA GENERAL
Nota general Catalogación Provisional. N-10183. Depósito J
504 ## - NOTA DE BIBLIOGRAFÍA, ETC.
Nota de bibliografía, etc. Bibliografía: p. 391-392
650 #7 - PUNTO DE ACCESO ADICIONAL DE MATERIA--TÉRMINO DE MATERIA
Término de materia o nombre geográfico como elemento de entrada Sociedades secretas
Subdivisión de forma Historia
Fuente del encabezamiento o término embne
9 (RLIN) 147832
852 ## - LOCALIZACIÓN
Ubicación ES-MaACL
Ubicación en estantería Depósito J
Número de control de estantería N-10183
Donativo/Legado Donación: José Lázaro García
Encuadernación Encuadernación rústica con solapas
itemnumber 206310
903 ## - NOMBRE PERSONAL DE DONANTE
9 234219
a Lázaro García, José
e Donante
942 ## - ELEMENTOS DE ENTRADA SECUNDARIOS (KOHA)
Fuente del sistema de clasificación o colocación Clasificación decimal universal
Tipo de ítem Koha Libro impreso
Suprimir en OPAC No
Holdings
Estatus retirado Estado de pérdida Fuente del sistema de clasificación o colocación Estado de daño No para préstamo Biblioteca de origen Biblioteca actual Ubicación en estantería Fecha de adquisición Fuente de adquisición Total de préstamos Signatura topográfica completa Código de barras Visto por última vez Precio de reemplazo Tipo de ítem Koha
    Clasificación decimal universal     Biblioteca del Ateneo de Madrid Biblioteca del Ateneo de Madrid Depósito J 21/07/2025 Donación   N-10183 2025-0695 21/07/2025 21/07/2025 Libro impreso